El tesoro de los valores / (Registro nro. 3457)

Detalles MARC
000 -LEADER
fixed length control field 00886nam a2200229Ia 4500
003 - CONTROL NUMBER IDENTIFIER
control field OSt
005 - DATE AND TIME OF LATEST TRANSACTION
control field 20200511141506.0
008 - FIXED-LENGTH DATA ELEMENTS--GENERAL INFORMATION
fixed length control field 191128s2013 ck a gr 000 j spa d
020 ## - INTERNATIONAL STANDARD BOOK NUMBER
International Standard Book Number 9789587572711
040 ## - CATALOGING SOURCE
Original cataloging agency CO-JMCR
Transcribing agency CO-JMCR
041 ## - LANGUAGE CODE
Language code of text/sound track or separate title spa
082 04 - DEWEY DECIMAL CLASSIFICATION NUMBER
Classification number C /
Item number OROt
100 ## - MAIN ENTRY--PERSONAL NAME
Personal name Orozco Vargas, Julio,
Relator term selección
9 (RLIN) 4202
245 13 - TITLE STATEMENT
Title El tesoro de los valores /
Statement of responsibility, etc. selección y adaptación Julio Orozco Vargas ; ilustraciones Sandra Ardila
260 ## - PUBLICATION, DISTRIBUTION, ETC.
Place of publication, distribution, etc. Bogotá :
Name of publisher, distributor, etc. Proyectos Especiales Etce
Date of publication, distribution, etc. 2013
300 ## - PHYSICAL DESCRIPTION
Extent 63 páginas :
Other physical details ilustraciones a color ;
Dimensions 28 cm.
505 ## - FORMATTED CONTENTS NOTE
Formatted contents note Solidaridad -- Responsabilidad -- Laboriosidad -- Perseverancia -- Respeto -- Tolerancia -- Honestidad -- Libertad
650 ## - SUBJECT ADDED ENTRY--TOPICAL TERM
Topical term or geographic name entry element Cuentos colombianos
9 (RLIN) 4203
700 ## - ADDED ENTRY--PERSONAL NAME
Personal name Orozco Vargas, Julio,
Relator term selección y adaptación
9 (RLIN) 4202
700 ## - ADDED ENTRY--PERSONAL NAME
Personal name Ardila, Sandra,
Relator term ilustradora
9 (RLIN) 4204
942 ## - ADDED ENTRY ELEMENTS (KOHA)
Source of classification or shelving scheme Dewey Decimal Classification
Koha item type Books
Existencias
Withdrawn status Lost status Source of classification or shelving scheme Materials specified (bound volume or other part) Damaged status Not for loan Collection code Home library Current library Date acquired Source of acquisition Total Checkouts Full call number Barcode Date last seen Copy number Cost, replacement price Koha item type
    Dewey Decimal Classification Donación--05/07/2018--     Fiction Biblioteca Pública José María del Castillo y Rada Biblioteca Pública José María del Castillo y Rada 11/28/2019 Donación   C / OROt 201807309 11/28/2019 Ej.1 0.00 Books